| 000 | 00432nam a2200181Ia 4500 | ||
|---|---|---|---|
| 003 | GCL | ||
| 008 | 140319s9999 xx 000 0 eng d | ||
| 040 |
_aGCL / _cGCL |
||
| 082 | 0 | 4 |
_a792.8 _bD B |
| 100 | 1 | _aDELL, CATHERINE | |
| 245 | 1 | 0 |
_aLE BALLET / _cDELL, CATHERINE |
| 260 |
_a[S.N] : _bEDITIONS GAMMA ، _c1979 |
||
| 300 |
_a45 P ؛ _c30 cm. |
||
| 650 | 0 | 4 | _aBALLETS |
| 650 | 0 | 4 | _aARTS |
| 650 | 0 | 4 | _aDANCE |
| 942 |
_2ddc _cBK |
||
| 999 |
_c13720 _d13720 |
||